000 00727nam a2200193Ia 4500
001 5030
003 GE_BSU
008 181216s||||||||xx |||||||||||||| ||und||
040 _cGE_BSU
080 _a517.2
100 _aФрелихер,А; Бухер,В.
245 _aДифференциальное исчисление в екторных пространствах без нормы.
245 _cПод. ред. и с доп. В.И. Авербуха и О.Г. Смолянова Пер с английского
260 _aМосква
260 _c1970
300 _a166стр.
653 _aДифференциальное исчисление в векторных пространствах
942 _cBK
999 _c38720
_d38720